|
|
|
|
| LEADER |
01264nam a2200325Ia 4500 |
| 001 |
EBC3111433 |
| 003 |
MiAaPQ |
| 005 |
20200520144314.0 |
| 006 |
m o d | |
| 007 |
cr cn||||||||| |
| 008 |
020201s2001 dcu sb 000 0 eng d |
| 020 |
|
|
|z 0844771589
|
| 035 |
|
|
|a (MiAaPQ)EBC3111433
|
| 035 |
|
|
|a (Au-PeEL)EBL3111433
|
| 035 |
|
|
|a (CaPaEBR)ebr10020620
|
| 035 |
|
|
|a (OCoLC)927514724
|
| 040 |
|
|
|a MiAaPQ
|c MiAaPQ
|d MiAaPQ
|
| 050 |
|
4 |
|a HF1414.5
|b .C76 2001
|
| 100 |
1 |
|
|a Cropsey, Seth.
|
| 245 |
1 |
0 |
|a Safeguarding defense technology, enabling commerce
|h [electronic resource] :
|b a new balance in the new economy /
|c Seth Cropsey.
|
| 260 |
|
|
|a Washington :
|b AEI Press,
|c 2001.
|
| 300 |
|
|
|a xiv, 51 p.
|
| 504 |
|
|
|a Includes bibliographical references (p.47-50).
|
| 533 |
|
|
|a Electronic reproduction. Ann Arbor, MI : ProQuest, 2015. Available via World Wide Web. Access may be limited to ProQuest affiliated libraries.
|
| 650 |
|
0 |
|a National security
|z United States.
|
| 650 |
|
0 |
|a Export controls
|z United States.
|
| 650 |
|
0 |
|a Technology transfer
|x Government policy
|z United States.
|
| 655 |
|
4 |
|a Electronic books.
|
| 710 |
2 |
|
|a ProQuest (Firm)
|
| 856 |
4 |
0 |
|u https://ebookcentral.proquest.com/lib/matrademy/detail.action?docID=3111433
|z Click to View
|